Central Library OPAC University of Rajshahi

The legacy of the ancient world / (Record no. 23844)

MARC details
000 -LEADER
fixed length control field 00981cam a2200289 a 4500
001 - CONTROL NUMBER
control field 23844
003 - CONTROL NUMBER IDENTIFIER
rucl marc code BD-RjUL
005 - DATE AND TIME OF LATEST TRANSACTION
control field 20211209000958.0
008 - FIXED-LENGTH DATA ELEMENTS--GENERAL INFORMATION
fixed length control field 140311r19551923enk b 001 0 eng d
035 ## - SYSTEM CONTROL NUMBER
System control number (BD-RjUL)23909
040 ## - CATALOGING SOURCE
Original cataloging agency QUT
Language of cataloging eng
Transcribing agency QUT
Modifying agency QUT
-- ANL
-- BD-RjUL
041 ## - LANGUAGE CODE
Language code of text/sound track or separate title eng
082 14 - DEWEY DECIMAL CLASSIFICATION NUMBER
Classification number 930
Edition number 19
Author mark and year DEL V-1 1955
100 1# - MAIN ENTRY--PERSONAL NAME
Personal name De Burgh, W. G.
Fuller form of name (William George),
Dates associated with a name 1866-1943.
9 (RLIN) 73421
245 14 - TITLE STATEMENT
Title The legacy of the ancient world /
Statement of responsibility, etc. by W.G. De Burgh.
Number of part/section of a work Volume : One
260 ## - PUBLICATION, DISTRIBUTION, ETC. (IMPRINT)
Place of publication, distribution, etc. London :
Name of publisher, distributor, etc. Penguin,
Date of publication, distribution, etc. 1953 [Reprinted 1955].
300 ## - PHYSICAL DESCRIPTION
Pagination 2 v. (xvi, 612 p.) ;
Size 18 cm.
490 1# - SERIES STATEMENT
Series statement Pelican books ;
Volume/sequential designation A284, A285
500 ## - GENERAL NOTE
General note Originally published: 1923.
General note New and rev. ed. published: Macdonald & Evans, 1947.
504 ## - BIBLIOGRAPHY, ETC. NOTE
Bibliography, etc Includes bibliographical references and index.
650 #0 - SUBJECT ADDED ENTRY--TOPICAL TERM
Topical term or geographic name as entry element Civilization, Ancient.
9 (RLIN) 34340
Topical term or geographic name as entry element Civilization
General subdivision History.
9 (RLIN) 73422
830 #0 - SERIES ADDED ENTRY--UNIFORM TITLE
Volume number/sequential designation A284, A285.
Uniform title Pelican book ;
942 ## - ADDED ENTRY ELEMENTS (KOHA)
Source of classification or shelving scheme Dewey Decimal Classification
Koha item type Books
Holdings
Lost status Source of classification or shelving scheme Damaged status Not for loan Permanent Location Current Location Shelving location Date acquired Source of acquisition Cost, normal purchase price Total Checkouts Full call number Date last seen Copy number Koha item type
  Dewey Decimal Classification   Added to bundle Central Library, University of Rajshahi Central Library, University of Rajshahi Reading Room 22/10/1990 Shawkat Osman 0.00   930 DEL V-1 1955 11/03/2014 C-1 Books